Case Studies in Human Resource Management (Record no. 3325)

MARC details
000 -LEADER
fixed length control field 00314nam a2200133Ia 4500
008 - FIXED-LENGTH DATA ELEMENTS--GENERAL INFORMATION
fixed length control field 191201s2005 xx 000 0 und d
082 ## - DEWEY DECIMAL CLASSIFICATION NUMBER
Classification number 658.3
Item number ICC
100 ## - MAIN ENTRY--PERSONAL NAME
Personal name ICFAI
245 #0 - TITLE STATEMENT
Title Case Studies in Human Resource Management
260 ## - PUBLICATION, DISTRIBUTION, ETC. (IMPRINT)
Place of publication, distribution, etc N.Delhi
Name of publisher, distributor, etc ICFAI
Date of publication, distribution, etc 2005
300 ## - PHYSICAL DESCRIPTION
Extent 321
650 ## - SUBJECT ADDED ENTRY--TOPICAL TERM
Topical term or geographic name as entry element MBA
942 ## - ADDED ENTRY ELEMENTS (KOHA)
Source of classification or shelving scheme Dewey Decimal Classification
Koha item type Text Books
Holdings
Withdrawn status Lost status Source of classification or shelving scheme Damaged status Not for loan Collection code Home library Current library Date acquired Source of acquisition Cost, normal purchase price Bill Number Total Checkouts Full call number Acc. no. / Barcode Checked out Date last seen Date last borrowed Bill Date Koha item type Serial Enumeration / chronologySerial Enumeration / Volume No.
    Dewey Decimal Classification     MBA PIET C-LIBRARY PIET C-LIBRARY 28/01/2008 J B C, New Delhi 1000.00 A 100 1 658.3 ICC 8561 22/05/2024 24/11/2023 24/11/2023 16/10/2007 Text Books  
    Dewey Decimal Classification     MBA PIET C-LIBRARY PIET C-LIBRARY 28/01/2008 J B C, New Delhi 750.00 A 100   658.3 ICC 8566   04/12/2019   16/10/2007 Text Books  
    Dewey Decimal Classification     MBA PIET C-LIBRARY PIET C-LIBRARY 28/01/2008 J B C, New Delhi 750.00 A 100 1 658.3 ICC 8567 22/05/2024 24/11/2023 24/11/2023 16/10/2007 Text Books  
    Dewey Decimal Classification     MBA PIET C-LIBRARY PIET C-LIBRARY 28/01/2008 J B C, New Delhi 750.00 A 100 1 658.3 ICC 8568   27/03/2024 13/03/2024 16/10/2007 Text Books III
    Dewey Decimal Classification     MBA PIET C-LIBRARY PIET C-LIBRARY 28/01/2008 J B C, New Delhi 750.00 A 100 1 658.3 ICC 8569 22/05/2024 24/11/2023 24/11/2023 16/10/2007 Text Books III
    Dewey Decimal Classification     MBA PIET C-LIBRARY PIET C-LIBRARY 28/01/2008 J B C, New Delhi 750.00 A 100 1 658.3 ICC 8570 22/05/2024 24/11/2023 24/11/2023 16/10/2007 Text Books III
    Dewey Decimal Classification     MBA PIET C-LIBRARY PIET C-LIBRARY 28/01/2008 J B C, New Delhi 750.00 A 100   658.3 ICC 8571   04/12/2019   16/10/2007 Text Books III
    Dewey Decimal Classification     MBA PIET C-LIBRARY PIET C-LIBRARY 28/01/2008 J B C, New Delhi 1000.00 A 100   658.3 ICC 8597   04/12/2019   16/10/2007 Text Books  

Design & Developed by: PIET Central Library
R70 Miles Stone Pattikalyana Samalkha Panipat 132102
mail ID :- [email protected], Phone No:- 0180-2569700 Ex.216